[Event "Ostravský koník 2014 - FIDE Open B"]
[Site "Ostrava, CZE"]
[Date "2014.05.04"]
[Round "9"]
[White "Kosár ml., Mikulás"]
[Black "Mikesch, Dalibor"]
[Result "1-0"]
[WhiteElo "1896"]
[BlackElo "1293"]
[PlyCount "97"]

1. e4 c5 2. d4 cxd4 3. Qxd4 Nc6 4. Qd3 Nf6 5. Nc3 e6 6. Nf3 d5 7. exd5 Nxd5 8.
Nxd5 Qxd5 9. Qxd5 exd5 10. c3 Bc5 11. Bb5 Bd7 12. Bf4 O-O 13. O-O Rad8 14. h3
d4 15. cxd4 Nxd4 16. Nxd4 Bxd4 17. Bxd7 Rxd7 18. Rab1 Rd5 19. Bc7 Rb5 20. b3
Rc8 21. Rbc1 h6 22. Rfd1 Bb2 23. Rc4 Be5 24. Rd7 Bxc7 25. Rcxc7 Rxc7 26. Rxc7
Ra5 27. a4 b5 28. Rc8+ Kh7 29. Rc5 Kg6 30. Kf1 Kf6 31. Ke2 Ke6 32. Kd3 Kd6 33.
Kd4 f6 34. f4 g6 35. g4 g5 36. f5 a6 37. Rd5+ Kc6 38. axb5+ axb5 39. Rc5+ Kd6
40. Rd5+ Kc6 41. Rd8 Ra3 42. Kc3 Kc5 43. Rc8+ Kb6 44. Kb4 Ra2 45. Rh8 Kc6 46.
Rxh6 Rh2 47. Rxf6+ Kd7 48. Rh6 Ke7 49. Kxb5 1-0

[Event "Ostravský koník 2014 - FIDE Open B"]
[Site "Ostrava, CZE"]
[Date "2014.05.04"]
[Round "9"]
[White "Kopec, Ladislav"]
[Black "Kubelová, Sona"]
[Result "0-1"]
[WhiteElo "1450"]
[BlackElo "1639"]
[PlyCount "46"]

1. f4 f5 2. b3 Nf6 3. Bb2 e6 4. e3 b6 5. Nf3 Bb7 6. Be2 Be7 7. O-O d6 8. d3 Nc6
9. Nbd2 Nd5 10. Bxg7 Nxe3 11. Qc1 Rg8 12. Qb2 e5 13. Bh6 Rxg2+ 14. Kh1 Rxe2 15.
Rg1 Ng4 16. Bg5 Nd4 17. Rg2 Rxg2 18. Kxg2 Bxg5 19. fxg5 Qxg5 20. Rg1 Qxd2+ 21.
Kh3 Bxf3 22. Kh4 Qh6+ 23. Kg3 Qxh2# 0-1

[Event "Ostravský koník 2014 - FIDE Open B"]
[Site "Ostrava, CZE"]
[Date "2014.05.04"]
[Round "9"]
[White "Kopcová, Ludmila"]
[Black "Bosnák, Ondrej"]
[Result "1-0"]
[WhiteElo "1598"]
[BlackElo "1471"]
[PlyCount "119"]

1. e4 e6 2. d4 d5 3. exd5 exd5 4. Bd3 Nf6 5. h3 Be6 6. Bf4 Nbd7 7. Nf3 Be7 8.
Nbd2 O-O 9. O-O Re8 10. c3 h6 11. Qc2 c6 12. Rae1 Nf8 13. Ne5 Bd6 14. Bh2 Rc8
15. f4 Rb8 16. Ndf3 Qc7 17. Qf2 c5 18. dxc5 Bxc5 19. Nd4 a6 20. f5 Bd7 21. Nxd7
Qxd7 22. Bxb8 Rxb8 23. Kh1 Bd6 24. Re3 Qc7 25. g4 N8d7 26. Qe2 Nc5 27. Kg2 Bf4
28. Ref3 Re8 29. Qc2 Bg5 30. b4 Nce4 31. Bxe4 dxe4 32. R3f2 Nd5 33. Re2 Ne3+
34. Rxe3 Bxe3 35. Ne2 Bg5 36. c4 Qc6 37. Ng3 Rd8 38. Qxe4 Rd2+ 39. Rf2 Rxf2+
40. Kxf2 Qd7 41. Qc2 Qd4+ 42. Kg2 Qd2+ 43. Qxd2 Bxd2 44. b5 a5 45. c5 Kf8 46.
Ne4 Be3 47. Kf3 Bd4 48. Ke2 Ke7 49. Kd3 Be5 50. Kc4 g6 51. fxg6 fxg6 52. Kd5
Bh2 53. Nd6 a4 54. Nxb7 Kd7 55. b6 Bg3 56. c6+ Kc8 57. Na5 Be1 58. Nc4 Bc3 59.
c7 Bb4 60. Kc6 1-0

[Event "Ostravský koník 2014 - FIDE Open B"]
[Site "Ostrava, CZE"]
[Date "2014.05.04"]
[Round "9"]
[White "Neumann, Filip"]
[Black "Benes, Jaroslav"]
[Result "1/2-1/2"]
[WhiteElo "1370"]
[BlackElo "1586"]
[PlyCount "64"]

1. e4 c5 2. c4 Nc6 3. Nc3 e6 4. Nf3 Qc7 5. d4 cxd4 6. Nxd4 Nf6 7. Be3 a6 8. Bd3
Ne5 9. Qe2 Neg4 10. h3 Nxe3 11. Qxe3 Bc5 12. e5 Ng8 13. Qf4 Ne7 14. Nf3 Ng6 15.
Bxg6 hxg6 16. Ne2 Bb4+ 17. Kf1 Be7 18. Kg1 f6 19. exf6 Qxf4 20. Nxf4 Bxf6 21.
Nxg6 Rh6 22. Nge5 d6 23. Ng4 Rh5 24. Nxf6+ gxf6 25. Rd1 Ke7 26. Kh2 Bd7 27. b3
Rg8 28. Rd4 Bc6 29. Rd3 b5 30. Rhd1 d5 31. Nd4 Bd7 32. Nf3 Bc6 1/2-1/2

[Event "Ostravský koník 2014 - FIDE Open B"]
[Site "Ostrava, CZE"]
[Date "2014.05.04"]
[Round "9"]
[White "Carbol, Otmar"]
[Black "Glacner, Karel"]
[Result "0-1"]
[WhiteElo "1683"]
[BlackElo "1579"]
[PlyCount "106"]

1. c4 g6 2. Nc3 Bg7 3. g3 Nf6 4. Bg2 O-O 5. d3 d6 6. e4 Nc6 7. Nge2 Ne5 8. O-O
c6 9. f4 Qb6+ 10. Kh1 Neg4 11. d4 h5 12. h3 Nh6 13. Qb3 Qc7 14. Nd1 Be6 15. d5
Bd7 16. Nf2 Rab8 17. Qd3 Nh7 18. Rb1 f5 19. Bd2 fxe4 20. Bxe4 Bf5 21. Nd4 Bxe4+
22. Nxe4 Rf7 23. Kg2 cxd5 24. cxd5 Bxd4 25. Qxd4 Nf5 26. Qf2 Nf6 27. Ng5 Qc2
28. Rfc1 Qd3 29. Nxf7 Qxd5+ 30. Kg1 Ne4 31. Qg2 Nfxg3 32. Kh2 Kxf7 33. Be1 Qd3
34. Bxg3 Nd2 35. Rd1 Nf3+ 36. Kh1 Qe4 37. Re1 Qc6 38. Re3 Nd2 39. Qxc6 bxc6 40.
Rbe1 e6 41. b3 d5 42. Rxe6 Ne4 43. Bh4 Kxe6 44. Kg2 Kf5 45. Kf3 Re8 46. Re2 Re6
47. a3 d4 48. Rc2 d3 49. Rc1 Nd2+ 50. Kg2 Re2+ 51. Kh1 Nf3 52. Bg3 h4 53. Rc5+
Ke4 0-1

[Event "Ostravský koník 2014 - FIDE Open B"]
[Site "Ostrava, CZE"]
[Date "2014.05.04"]
[Round "9"]
[White "Lipus, Drahomír"]
[Black "Kocur, Radim"]
[Result "0-1"]
[WhiteElo "1568"]
[BlackElo "1719"]
[PlyCount "96"]

1. d4 d5 2. c4 c6 3. Nf3 Bf5 4. Nc3 e6 5. e3 Nf6 6. cxd5 exd5 7. Be2 Bd6 8. O-O
Nbd7 9. Re1 O-O 10. a3 Re8 11. Nh4 Bg6 12. Nxg6 fxg6 13. b4 Qc7 14. g3 Re7 15.
Bb2 Rae8 16. Bf3 Nb6 17. Rc1 Qd7 18. Qb3 Kh8 19. Qc2 Qf5 20. Qd1 Ne4 21. Nxe4
dxe4 22. Bg2 a5 23. bxa5 Qxa5 24. Qb3 Nd5 25. Ra1 Rf8 26. Re2 g5 27. Qc2 Nf6
28. Bc3 Qc7 29. Bb4 g4 30. Bxd6 Qxd6 31. a4 Ra8 32. Qb1 Rb8 33. a5 Ra8 34. Rb2
Qc7 35. Rba2 h5 36. h4 Ra6 37. Bf1 Ra8 38. a6 b5 39. Qb4 Ra7 40. Qc5 Qd7 41.
Be2 Qd5 42. Qb6 Kh7 43. Bd1 Rec7 44. Rc2 Nd7 45. Qa5 Rcb7 46. Qd8 Rb8 47. Qe7
Rba8 48. Rca2 Nb8 0-1

[Event "Ostravský koník 2014 - FIDE Open B"]
[Site "Ostrava, CZE"]
[Date "2014.05.04"]
[Round "9"]
[White "Lipka, Petr"]
[Black "Bok, Zdenek"]
[Result "1/2-1/2"]
[WhiteElo "1676"]
[BlackElo "1502"]
[PlyCount "115"]

1. e4 d5 2. exd5 Qxd5 3. Nc3 Qa5 4. d4 c6 5. Nf3 Nf6 6. Bd2 Bg4 7. h3 Bh5 8.
Be2 Nbd7 9. b3 e6 10. Na4 Qc7 11. O-O Bd6 12. c4 O-O 13. Nc3 Bf4 14. Qe1 Bxd2
15. Qxd2 h6 16. Rfe1 Rad8 17. Nh4 Bxe2 18. Rxe2 Nh7 19. Nf3 Ndf6 20. Rd1 Rfe8
21. Re5 Nf8 22. Ne4 Qe7 23. Nxf6+ Qxf6 24. Re3 Ng6 25. Qe1 Re7 26. d5 exd5 27.
Rxe7 Qxe7 28. Qxe7 Nxe7 29. cxd5 Rxd5 30. Re1 Kf8 31. Kf1 f6 32. Ke2 Rc5 33.
Kd1 Kf7 34. Re4 Nd5 35. Kd2 a5 36. a4 Nb4 37. Nd4 Rd5 38. Kc3 f5 39. Rf4 Kf6
40. g4 g6 41. gxf5 gxf5 42. Rf3 Na2+ 43. Kc4 Nb4 44. h4 Na6 45. Re3 Rc5+ 46.
Kd3 Nb4+ 47. Kd2 Re5 48. Rg3 Re4 49. Nf3 Rg4 50. Rh3 Rg2 51. Ke2 Nd5 52. Kf1
Rg4 53. Nd2 Nf4 54. Rh2 h5 55. f3 Rg3 56. Kf2 Rg7 57. Nc4 Nd3+ 58. Ke3 1/2-1/2

[Event "Ostravský koník 2014 - FIDE Open B"]
[Site "Ostrava, CZE"]
[Date "2014.05.04"]
[Round "9"]
[White "Machura, Jaroslav"]
[Black "Zidek, Daniel"]
[Result "0-1"]
[WhiteElo "1000"]
[BlackElo "1475"]
[PlyCount "64"]

1. e4 g6 2. Nf3 Bg7 3. d4 d6 4. h3 Nf6 5. Nc3 O-O 6. Bc4 Nxe4 7. Nd5 c6 8. Ne3
Nd7 9. Bd3 Nef6 10. c3 d5 11. Qc2 c5 12. dxc5 Nxc5 13. Be2 e6 14. g4 Nfe4 15.
h4 a5 16. Ng2 Bd7 17. Be3 b5 18. a3 Qb8 19. h5 Rc8 20. hxg6 fxg6 21. Qc1 Nb3
22. Qd1 Nxa1 23. Bf4 Qa7 24. Be3 Qb7 25. Qxa1 b4 26. axb4 axb4 27. Qc1 bxc3 28.
O-O cxb2 29. Qb1 Nc3 30. Qc2 b1=Q 31. Rxb1 Qxb1+ 32. Qxb1 Nxb1 0-1

[Event "Ostravský koník 2014 - FIDE Open B"]
[Site "Ostrava, CZE"]
[Date "2014.05.04"]
[Round "9"]
[White "Marková, Kristýna"]
[Black "Odstrcil, Lukás"]
[Result "0-1"]
[WhiteElo "1474"]
[BlackElo "1220"]
[PlyCount "99"]

1. e4 c5 2. Nf3 d6 3. d4 cxd4 4. Nxd4 g6 5. Nc3 Nf6 6. Be3 Bg7 7. f3 O-O 8. Qd2
Nc6 9. O-O-O Bd7 10. Kb1 Rc8 11. g4 Ne5 12. h4 Nc4 13. Bxc4 Rxc4 14. h5 Qc7 15.
hxg6 fxg6 16. Bh6 Bxh6 17. Rxh6 Rf7 18. Nd5 Nxd5 19. exd5 Qd8 20. b3 Rc5 21.
Ne6 Bxe6 22. dxe6 Rg7 23. Rdh1 Qf8 24. Qh2 Qf6 25. Rxh7 Rxh7 26. Qxh7+ Kf8 27.
Rh6 Rg5 28. Qh8+ Qxh8 29. Rxh8+ Kg7 30. Re8 Kf6 31. Ra8 a6 32. Rb8 Rb5 33. Rg8
g5 34. a4 Rb4 35. Kb2 Rb6 36. c4 Rc6 37. Rf8+ Kxe6 38. Rf5 Rc5 39. Rxc5 dxc5
40. Kc2 Ke5 41. Kd3 Kf4 42. Ke2 e5 43. Kf2 a5 44. Ke2 e4 45. fxe4 Kxe4 46. Kd2
Kf3 47. Kd3 Kxg4 48. Ke3 Kg3 49. Ke4 g4 50. Ke3 0-1

[Event "Ostravský koník 2014 - FIDE Open B"]
[Site "Ostrava, CZE"]
[Date "2014.05.04"]
[Round "9"]
[White "Frank, Adam"]
[Black "Soukup, Ondrej"]
[Result "1/2-1/2"]
[WhiteElo "1417"]
[BlackElo "1250"]
[PlyCount "109"]

1. e4 c5 2. Nf3 d6 3. d4 cxd4 4. Nxd4 Nf6 5. Nc3 a6 6. Be2 e5 7. Nb3 Be7 8. Be3
Be6 9. Qd2 b5 10. a3 Nbd7 11. f3 Nc5 12. Nxc5 dxc5 13. Rd1 Qxd2+ 14. Rxd2 O-O
15. O-O Rad8 16. Rfd1 Rxd2 17. Rxd2 Rd8 18. Rxd8+ Bxd8 19. Bxc5 Ba5 20. Bd6
Bxc3 21. bxc3 Nd7 22. Kf2 f6 23. Ke3 Nb6 24. g3 Bc4 25. Bc5 Na4 26. Bxc4+ bxc4
27. Bb4 Kf7 28. f4 g6 29. Kf3 h5 30. h4 Ke6 31. g4 hxg4+ 32. Kxg4 f5+ 33. exf5+
gxf5+ 34. Kf3 exf4 35. Kxf4 Kf6 36. h5 Nb6 37. h6 Nd5+ 38. Kf3 Kg6 39. Bf8 Nc7
40. Bg7 Ne6 41. a4 Nxg7 42. hxg7 Kxg7 43. Ke3 Kg6 44. Kd4 f4 45. Kxc4 Kg5 46.
Kd3 Kg4 47. Ke2 f3+ 48. Kf2 Kf4 49. c4 Ke4 50. c5 Kd5 51. c6 Kxc6 52. Kxf3 Kc5
53. Ke4 Kc4 54. a5 Kc5 55. Ke5 1/2-1/2

[Event "Ostravský koník 2014 - FIDE Open B"]
[Site "Ostrava, CZE"]
[Date "2014.05.04"]
[Round "9"]
[White "Szabó, Pavel"]
[Black "Kubelka, Jaroslav"]
[Result "1/2-1/2"]
[WhiteElo "1720"]
[BlackElo "1550"]
[PlyCount "23"]

1. d4 Nf6 2. c4 g6 3. Nc3 d5 4. e3 c6 5. Bd3 Bg7 6. Nge2 O-O 7. O-O Qc7 8. f3
e5 9. cxd5 Nxd5 10. Nxd5 cxd5 11. dxe5 Qxe5 12. f4 1/2-1/2

[Event "Ostravský koník 2014 - FIDE Open B"]
[Site "Ostrava, CZE"]
[Date "2014.05.04"]
[Round "9"]
[White "Vantuch, Lucian"]
[Black "Volcík, Milan"]
[Result "1-0"]
[WhiteElo "1334"]
[BlackElo "1670"]
[PlyCount "31"]

1. e4 e6 2. d4 d5 3. Nc3 Bb4 4. e5 c5 5. a3 Bxc3+ 6. bxc3 Qc7 7. Nf3 b6 8. Be2
Ba6 9. O-O Bxe2 10. Qxe2 a6 11. h4 c4 12. Bd2 Nd7 13. a4 Qc6 14. Rfb1 a5 15.
Bc1 Ne7 16. Ba3 1-0

[Event "Ostravský koník 2014 - FIDE Open B"]
[Site "Ostrava, CZE"]
[Date "2014.05.04"]
[Round "9"]
[White "Prokop, Tomás"]
[Black "Odlevák, Marek"]
[Result "1-0"]
[WhiteElo "1866"]
[BlackElo "1217"]
[PlyCount "89"]

1. Nf3 Nc6 2. d4 d5 3. c4 e6 4. cxd5 exd5 5. e3 Nf6 6. Be2 Bb4+ 7. Bd2 Ne4 8.
Bxb4 Nxb4 9. Qa4+ Nc6 10. Ne5 Bd7 11. Nxd7 Qxd7 12. Nc3 O-O 13. Rc1 Nxc3 14.
Rxc3 a6 15. Bf3 b5 16. Qb3 Na5 17. Qxd5 Qxd5 18. Bxd5 Ra7 19. b4 c6 20. Bf3 Nc4
21. Bxc6 g6 22. Ke2 Rc7 23. Bd5 Rfc8 24. Rhc1 Kg7 25. e4 h5 26. Bxc4 bxc4 27.
Ke3 Kf6 28. f4 h4 29. d5 Ke7 30. Kd4 f6 31. Rxc4 Rxc4+ 32. Rxc4 Ra8 33. e5
fxe5+ 34. fxe5 Kd7 35. Rc6 g5 36. Kc5 a5 37. e6+ Ke7 38. Rc7+ Kd8 39. Rd7+ Ke8
40. b5 Rc8+ 41. Kd6 g4 42. b6 Rb8 43. Kc7 Ra8 44. d6 a4 45. Rh7 1-0

[Event "Ostravský koník 2014 - FIDE Open B"]
[Site "Ostrava, CZE"]
[Date "2014.05.04"]
[Round "9"]
[White "Fridrisek, Tomás"]
[Black "Frank, Martin"]
[Result "1-0"]
[WhiteElo "1473"]
[BlackElo "1100"]
[PlyCount "33"]

1. e4 e5 2. Nf3 Nc6 3. d4 exd4 4. Bc4 Nf6 5. O-O Be7 6. Re1 O-O 7. Nxd4 Ne5 8.
Nc3 Nxc4 9. e5 c6 10. exf6 Bxf6 11. Ne4 d5 12. Nxf6+ Qxf6 13. b3 Nb6 14. Ba3
Rd8 15. Be7 Qg6 16. Bxd8 Bh3 17. Re8# 1-0

[Event "Ostravský koník 2014 - FIDE Open B"]
[Site "Ostrava, CZE"]
[Date "2014.05.04"]
[Round "9"]
[White "Szusciková, Natálie"]
[Black "Gereková, Eliska"]
[Result "0-1"]
[WhiteElo "1223"]
[BlackElo "1233"]
[PlyCount "80"]

1. e4 e5 2. Nf3 Nc6 3. Bc4 Nf6 4. d3 Bc5 5. Nc3 O-O 6. Bg5 d6 7. Nd5 Kh8 8.
Nxf6 gxf6 9. Be3 f5 10. Qd2 Bxe3 11. Qxe3 f4 12. Qd2 Qe7 13. O-O-O Be6 14. Bxe6
Qxe6 15. Kb1 a5 16. a3 b5 17. c3 Qb3 18. Qc2 Qxc2+ 19. Kxc2 b4 20. axb4 axb4
21. cxb4 Nxb4+ 22. Kc3 Rfb8 23. Ra1 Ra2 24. Rxa2 Nxa2+ 25. Kc2 f6 26. Ra1 Nb4+
27. Kd2 c5 28. Kc3 d5 29. exd5 Nxd5+ 30. Kc4 Ne7 31. Kxc5 Rxb2 32. Ra8+ Ng8 33.
Nh4 Kg7 34. Nf5+ Kg6 35. Nh4+ Kg7 36. Nf5+ Kf7 37. Nd6+ Kg7 38. Nf5+ Kg6 39.
Nh4+ Kg7 40. Nf5+ Kg6 0-1

[Event "Ostravský koník 2014 - FIDE Open B"]
[Site "Ostrava, CZE"]
[Date "2014.05.04"]
[Round "9"]
[White "Pinko, Michal"]
[Black "Palanek, René"]
[Result "0-1"]
[WhiteElo "1099"]
[BlackElo "1090"]
[PlyCount "46"]

1. e4 c6 2. Nc3 d5 3. e5 Bf5 4. d4 e6 5. Nf3 Bb4 6. Bd2 Ne7 7. a3 Bxc3 8. Bxc3
Nd7 9. Be2 O-O 10. h3 c5 11. dxc5 Nxc5 12. Bb4 Nd7 13. Bd3 Bg6 14. O-O Rc8 15.
Bxg6 Nxg6 16. Bxf8 Qxf8 17. Re1 Qc5 18. Qd4 Qxd4 19. Nxd4 Ndxe5 20. c3 h6 21.
f4 Nd3 22. Reb1 Ngxf4 23. Rf1 Ne2+ 0-1

[Event "Ostravský koník 2014 - FIDE Open B"]
[Site "Ostrava, CZE"]
[Date "2014.05.04"]
[Round "9"]
[White "Mikulencáková, Jana"]
[Black "Knettig, Vojtech"]
[Result "1/2-1/2"]
[WhiteElo "1595"]
[BlackElo "1000"]
[PlyCount "34"]

1. e4 e5 2. Nf3 Nc6 3. Bc4 Nf6 4. Nc3 Bc5 5. O-O d6 6. h3 O-O 7. d3 h6 8. Na4
Nd4 9. Nxc5 Nxf3+ 10. Qxf3 dxc5 11. Be3 b6 12. Qg3 Qd6 13. Bxh6 Nh5 14. Qg5
Qxh6 15. Qxh6 gxh6 16. Bd5 Rb8 17. Kh2 Be6 1/2-1/2

[Event "Ostravský koník 2014 - FIDE Open B"]
[Site "Ostrava, CZE"]
[Date "2014.05.04"]
[Round "9"]
[White "Kuzel, Jaroslav"]
[Black "Fizerová, Lucie"]
[Result "0-1"]
[WhiteElo "1000"]
[BlackElo "1160"]
[PlyCount "92"]

1. e4 e6 2. Nf3 d5 3. exd5 exd5 4. Nc3 Nf6 5. d3 Be7 6. Be2 O-O 7. O-O Re8 8.
h3 Bc5 9. d4 Bb6 10. Bg5 Nbd7 11. Nd2 c6 12. Bg4 Bxd4 13. Na4 Nf8 14. Qf3 Ng6
15. Bxf6 Bxf6 16. Qd1 b5 17. Nc5 Bxb2 18. Rb1 Ba3 19. Nd3 Bd6 20. Bxc8 Rxc8 21.
c3 Bc7 22. a4 Qd6 23. Nf3 Nh4 24. g3 Nxf3+ 25. Qxf3 Re6 26. Qg4 Rb8 27. axb5
cxb5 28. Nf4 Rf6 29. Nh5 Rg6 30. Qd4 Bb6 31. Qd3 Rg5 32. Nf4 Qxf4 33. Kh1 Qe4+
34. Qxe4 dxe4 35. Rfe1 Re5 36. f4 Ree8 37. h4 Ba5 38. Ra1 Bxc3 39. Rxa7 e3 40.
Kg2 e2 41. Rc1 e1=Q 42. Rxe1 Rxe1 43. g4 Rd8 44. f5 Rd2+ 45. Kg3 Re3+ 46. Kf4
g6 0-1

[Event "Ostravský koník 2014 - FIDE Open veteránù"]
[Site "Ostrava, CZE"]
[Date "2014.04.26"]
[Round "1"]
[White "Kroužel, Jaroslav"]
[Black "Vinklárek, Vlastimil"]
[Result "1-0"]
[WhiteElo "2135"]
[BlackElo "1762"]
[PlyCount "83"]

1. d4 Nf6 2. c4 e6 3. Nc3 d5 4. Nf3 c5 5. e3 Nc6 6. cxd5 cxd4 7. dxc6 dxc3 8.
Qxd8+ Kxd8 9. cxb7 Bxb7 10. bxc3 Bxf3 11. gxf3 Bc5 12. Rb1 Kc7 13. e4 Nd7 14.
Be2 Rab8 15. Rb3 Rxb3 16. axb3 a5 17. O-O Rb8 18. Bd1 Bd6 19. Be3 Bc5 20. Bc2
Bxe3 21. fxe3 f6 22. Ra1 Kb6 23. Kf2 g6 24. Ke2 e5 25. Bd3 g5 26. Bc4 Ra8 27.
h4 h6 28. hxg5 hxg5 29. Rh1 Rf8 30. Rh7 Nb8 31. Re7 Nc6 32. Re6 Kc7 33. Bb5 Nb8
34. c4 Rf7 35. c5 Kb7 36. Kd3 Kc7 37. Kc4 Kb7 38. Be8 Rf8 39. Kb5 f5 40. exf5
Rxf5 41. Bg6 Rxf3 42. Be4+ 1-0

[Event "Ostravský koník 2014 - FIDE Open veteránù"]
[Site "Ostrava, CZE"]
[Date "2014.04.26"]
[Round "1"]
[White "Koudelka, Miloš"]
[Black "Jamka, Bøetislav"]
[Result "0-1"]
[WhiteElo "1758"]
[BlackElo "2059"]
[PlyCount "96"]

1. e4 c5 2. Nf3 d6 3. d4 cxd4 4. Nxd4 Nc6 5. Nc3 Nf6 6. Bb5 Bd7 7. O-O e6 8.
Be3 Be7 9. f4 O-O 10. Qd2 Nxd4 11. Qxd4 Bxb5 12. Nxb5 a6 13. Nc3 Ng4 14. Qb6
Nxe3 15. Qxe3 Rc8 16. Rab1 d5 17. Qd3 dxe4 18. Qxe4 b5 19. a3 Bxa3 20. Ne2 Rc4
21. Qd3 Qxd3 22. cxd3 Rc2 23. bxa3 Rxe2 24. Rf2 Rxf2 25. Kxf2 Rc8 26. Rb3 g6
27. g4 Kg7 28. Kf3 Rc5 29. d4 Rc2 30. h3 f5 31. g5 h5 32. a4 bxa4 33. Rb6 a3
34. Rxa6 a2 35. h4 Kf7 36. Ra7+ Ke8 37. d5 exd5 38. Ke3 Rh2 39. Kd4 Rxh4 40.
Ke5 Rh2 41. Kxd5 Re2 42. Kd6 Rd2+ 43. Ke6 Kd8 44. Kf6 Rd6+ 45. Ke5 Rd2 46. Kf6
h4 47. Kxg6 h3 48. Kxf5 h2 0-1

[Event "Ostravský koník 2014 - FIDE Open veteránù"]
[Site "Ostrava, CZE"]
[Date "2014.04.26"]
[Round "1"]
[White "Koš�ál, Otakar"]
[Black "Bystroò, Vladislav"]
[Result "1-0"]
[WhiteElo "2008"]
[BlackElo "1751"]
[PlyCount "87"]

1. d4 e6 2. e3 b6 3. b3 Bb7 4. Bb2 Nf6 5. Nf3 Ne4 6. Be2 Bb4+ 7. c3 Bd6 8. Nbd2
O-O 9. O-O Ng5 10. Nc4 Qf6 11. Nxd6 cxd6 12. Nxg5 Qxg5 13. Bf3 Bxf3 14. Qxf3
Nc6 15. Ba3 Rac8 16. Bxd6 Rfe8 17. c4 e5 18. dxe5 Nxe5 19. Bxe5 Qxe5 20. Rad1
Qc7 21. Rd4 Re6 22. Rfd1 Rh6 23. Qg3 d6 24. Rxd6 Rxd6 25. Qxd6 Qxd6 26. Rxd6 g6
27. Rd7 a5 28. Kf1 Kf8 29. Ke2 Ke8 30. Rb7 Rc6 31. a4 h5 32. h4 Rd6 33. e4 Re6
34. Kd3 Rd6+ 35. Ke3 Kf8 36. g3 Kg7 37. e5 Re6 38. Kd4 Rc6 39. Kd5 Re6 40. Rc7
Re8 41. Rc6 Rd8+ 42. Rd6 Rb8 43. Kc6 Re8 44. f4 1-0

[Event "Ostravský koník 2014 - FIDE Open veteránù"]
[Site "Ostrava, CZE"]
[Date "2014.04.26"]
[Round "1"]
[White "Macura, Emil"]
[Black "Kosár st., Mikuláš"]
[Result "1-0"]
[WhiteElo "1997"]
[BlackElo "1731"]
[PlyCount "45"]

1. d4 d5 2. Nf3 Nf6 3. Bf4 Nc6 4. Nc3 Bg4 5. e3 e6 6. Be2 a6 7. h3 Bh5 8. O-O
h6 9. Ne5 Bxe2 10. Qxe2 Nb8 11. Rad1 Bd6 12. e4 c6 13. Bg3 O-O 14. f4 Nfd7 15.
Kh1 Nxe5 16. fxe5 Be7 17. Qg4 Kh7 18. Ne2 Qe8 19. h4 Rg8 20. exd5 exd5 21. Qf5+
Kh8 22. Qxf7 Qd8 23. Nf4 1-0

[Event "Ostravský koník 2014 - FIDE Open veteránù"]
[Site "Ostrava, CZE"]
[Date "2014.04.26"]
[Round "1"]
[White "Kaòovský, Jan"]
[Black "Tejkal, Jiøí"]
[Result "1/2-1/2"]
[WhiteElo "1728"]
[BlackElo "1942"]
[PlyCount "48"]

1. e4 c6 2. d4 d5 3. Nc3 dxe4 4. Nxe4 Bf5 5. Ng3 Bg6 6. h4 h6 7. Nf3 Nd7 8. h5
Bh7 9. Bd3 Bxd3 10. Qxd3 e6 11. Bd2 Ngf6 12. O-O-O Qc7 13. Ne4 Nxe4 14. Qxe4
O-O-O 15. Ne5 Nf6 16. Qf4 Bd6 17. Bc3 Bxe5 18. Qxe5 Qxe5 19. dxe5 Rxd1+ 20.
Kxd1 Ne4 21. Be1 Rd8+ 22. Ke2 Nc5 23. b3 Nd7 24. f4 Rg8 1/2-1/2

[Event "Ostravský koník 2014 - FIDE Open veteránù"]
[Site "Ostrava, CZE"]
[Date "2014.04.26"]
[Round "1"]
[White "Bíža, Miroslav"]
[Black "Diviš, Jan"]
[Result "1/2-1/2"]
[WhiteElo "1928"]
[BlackElo "1727"]
[PlyCount "152"]

1. d4 Nf6 2. c4 e6 3. Nc3 d5 4. Bg5 Be7 5. e3 c6 6. Nf3 Nbd7 7. Qc2 h6 8. Bh4
b6 9. cxd5 exd5 10. Bd3 Bb7 11. O-O O-O 12. Rac1 Re8 13. Rfe1 c5 14. Bb5 a6 15.
Bxd7 Nxd7 16. Bxe7 Rxe7 17. dxc5 Nxc5 18. Nd4 g6 19. b4 Ne4 20. Nxe4 dxe4 21.
Red1 Qe8 22. Qb3 Rc8 23. Rc3 Rec7 24. Rdc1 Rxc3 25. Rxc3 Rxc3 26. Qxc3 Qc8 27.
Qd2 Qc4 28. h3 Bd5 29. a3 b5 30. Qc2 Kf8 31. Qxc4 bxc4 32. Kf1 Ke7 33. Ke1 c3
34. Ne2 c2 35. Kd2 Bc4 36. Nd4 Bf1 37. g3 Bxh3 38. Kxc2 g5 39. f3 exf3 40. Nxf3
Kd6 41. Kd3 f6 42. Kd4 h5 43. Nd2 h4 44. gxh4 gxh4 45. Nf3 Kc6 46. a4 Kb6 47.
Kc3 Bd7 48. a5+ Kc6 49. Nxh4 Kd5 50. Ng2 Ke4 51. Kd2 f5 52. Ne1 f4 53. exf4
Kxf4 54. Nd3+ Kf5 55. Kc3 Bb5 56. Kd4 Ke6 57. Nc5+ Kd6 58. Ne4+ Kc6 59. Ke5 Bf1
60. Nc3 Bb5 61. Kd4 Bf1 62. Nd5 Bg2 63. Ne7+ Kb5 64. Kc3 Bf3 65. Nf5 Bh1 66.
Nd4+ Ka4 67. Kc4 Bg2 68. Kc5 Bf1 69. Nc6 Bb5 70. Na7 Be2 71. Nc8 Bf1 72. Nb6+
Kb3 73. Nd5 Ka4 74. Kb6 Bc4 75. Nc7 Kxb4 76. Nxa6+ Ka4 1/2-1/2

[Event "Ostravský koník 2014 - FIDE Open veteránù"]
[Site "Ostrava, CZE"]
[Date "2014.04.26"]
[Round "1"]
[White "Herman, Pavel"]
[Black "Bøíza, Jiøí"]
[Result "0-1"]
[WhiteElo "1706"]
[BlackElo "1910"]
[PlyCount "96"]

1. c4 e6 2. Nc3 d5 3. e3 Nf6 4. Nf3 Bb4 5. Qb3 Bxc3 6. bxc3 O-O 7. d4 b6 8. Be2
Nc6 9. c5 bxc5 10. dxc5 Ne4 11. Ba3 Na5 12. Qc2 c6 13. Nd4 e5 14. Nf3 Re8 15.
h3 Nb7 16. O-O Ng5 17. Nxg5 Qxg5 18. Kh2 e4 19. f4 exf3 20. Rxf3 Rxe3 21. Rxe3
Qxe3 22. Rf1 Bd7 23. Bd3 g6 24. Qb1 Nxc5 25. Bxc5 Qxc5 26. Qb7 Qd6+ 27. Kh1 Rb8
28. Qxa7 Rb2 29. Rf3 Rd2 30. a4 c5 31. a5 c4 32. Bf1 Be6 33. Rf2 Rd1 34. Kg1
Ra1 35. Rb2 Qf4 36. Rf2 Qe5 37. Rf3 d4 38. cxd4 Qxa5 39. Qb8+ Kg7 40. Qf4 c3
41. Qf6+ Kg8 42. Rf2 Bc4 43. Kh2 Qc7+ 44. g3 Rxf1 45. Rxf1 Bxf1 46. Qxf1 c2 47.
Qc1 Qc4 48. Qe3 c1=Q 0-1

[Event "Ostravský koník 2014 - FIDE Open veteránù"]
[Site "Ostrava, CZE"]
[Date "2014.04.26"]
[Round "1"]
[White "Rechtenberg, Karel"]
[Black "Doškaø, Miloslav"]
[Result "1/2-1/2"]
[WhiteElo "1903"]
[BlackElo "1703"]
[PlyCount "136"]

1. e4 e5 2. Nf3 Nc6 3. Bb5 Nf6 4. O-O a6 5. Ba4 Be7 6. Re1 b5 7. Bb3 d6 8. c3
O-O 9. h3 Bb7 10. d3 Re8 11. Nbd2 Bf8 12. Nf1 g6 13. a4 Bg7 14. Bc2 Ne7 15. b4
c6 16. a5 Qc7 17. Be3 Nd7 18. Bb3 c5 19. Rc1 d5 20. Ng3 c4 21. dxc4 dxc4 22.
Bc2 Rad8 23. Qe2 Nc8 24. Rcd1 Nf8 25. Bg5 f6 26. Bc1 Ne6 27. Qf1 Bc6 28. Rd2
Rxd2 29. Bxd2 Rd8 30. Rd1 Rd7 31. Be3 Qd8 32. Rxd7 Qxd7 33. Qe2 Ne7 34. Nd2 Kf7
35. f3 Ng8 36. Kf2 Bh6 37. Bxh6 Nxh6 38. Qe3 Kg7 39. Ne2 Bb7 40. Ke1 Nf7 41.
Kf2 Bc8 42. Nf1 Qd6 43. h4 Nf8 44. g4 Kg8 45. Nfg3 Ne6 46. h5 Nf4 47. hxg6 hxg6
48. Nf1 g5 49. Neg3 Nh6 50. Nf5 Nxf5 51. exf5 Bb7 52. Qa7 Bd5 53. Be4 Bxe4 54.
fxe4 Qd3 55. Qe3 Qc2+ 56. Nd2 Nd3+ 57. Kg3 Qxc3 58. Qb6 Ne1+ 59. Kf2 Qxd2+ 60.
Kf1 Nc2 61. Qe6+ Kg7 62. Qe7+ Kg8 63. Qe8+ Kg7 64. Qg6+ Kf8 65. Qxf6+ Ke8 66.
Qxe5+ Kd8 67. Qf6+ Kc7 68. Qb6+ Kd7 1/2-1/2

[Event "Ostravský koník 2014 - FIDE Open veteránù"]
[Site "Ostrava, CZE"]
[Date "2014.04.26"]
[Round "1"]
[White "Šumbera, Antonín"]
[Black "Trojek, Miroslav"]
[Result "0-1"]
[WhiteElo "1671"]
[BlackElo "1901"]
[PlyCount "58"]

1. e4 e6 2. d4 d5 3. exd5 exd5 4. h3 Bd6 5. Nf3 Nf6 6. Bd3 O-O 7. O-O Be6 8.
Bg5 h6 9. Bh4 Nbd7 10. Nbd2 c6 11. b3 Qc7 12. Bxf6 Nxf6 13. c4 Rac8 14. Re1 c5
15. dxc5 Bxc5 16. Ne5 Bd4 17. Ng6 Rfe8 18. Rc1 fxg6 19. Bxg6 Bf7 20. Rxe8+ Rxe8
21. Bxf7+ Kxf7 22. cxd5 Qf4 23. Nf3 Bb6 24. Rc4 Qd6 25. Rc2 Qxd5 26. Rd2 Qe4
27. Rd3 Qe2 28. Qxe2 Rxe2 29. Nd4 Rxa2 0-1

[Event "Ostravský koník 2014 - FIDE Open veteránù"]
[Site "Ostrava, CZE"]
[Date "2014.04.26"]
[Round "1"]
[White "Lexa, Václav"]
[Black "Lavrišin, Jan"]
[Result "1-0"]
[WhiteElo "1895"]
[BlackElo "1620"]
[PlyCount "71"]

1. d4 Nf6 2. c4 g6 3. Nc3 Bg7 4. e4 d6 5. Nf3 O-O 6. Be2 e5 7. Be3 Ng4 8. Bg5
Qe8 9. Nd5 Na6 10. Be7 c6 11. Bxf8 Kxf8 12. Nc3 exd4 13. Nxd4 Nf6 14. f3 Qe5
15. Nc2 Nh5 16. Qd2 Nf4 17. Bf1 Be6 18. O-O-O Rd8 19. g3 Nh5 20. Be2 Qa5 21.
Nd4 Nc5 22. Kb1 Nf6 23. a3 Na4 24. Nxa4 Qxa4 25. e5 Ne8 26. Nxe6+ fxe6 27. exd6
c5 28. Qe3 Bd4 29. Rxd4 cxd4 30. Qf4+ Kg8 31. c5 b6 32. Qe5 Ng7 33. Rc1 bxc5
34. Rxc5 Qd7 35. Rc7 Qxd6 36. Qxg7# 1-0